000
00256nam a2200109Ia 4500
008
220624s9999 xx 000 0 und d
020
_a
9781904668701
082
_a
J609 BAIL
100
_a
GERRY BAILEY
_9
149327
245
0
_a
EARLY DISCOVERIES
942
_c
BK
_w
561
_x
John Tresidder
_y
561
_z
John Tresidder
999
_c
685849
_d
685848